Memoria et damnatio memoriae ve středověku /
| Korporativní autor: | Centrum medievistických studií Akademie věd ČR a Univerzity Karlovy v Praze |
|---|---|
| Další autoři: | Nodl, Martin, 1968-, Węcowski, Piotr, 1972- |
| Jazyk: | Slovenština Polština Čeština Angličtina |
| Vydáno: |
Praha : Filosofia, 2014 |
| Vydání: | Vyd. 1. |
| Edice: |
Colloquia mediaevalia Pragensia
|
| Témata: | |
| Externí odkaz: |
Digitalizovaný dokument
|
| Fyzický popis: |
178 s. ; 24 cm |
| Language note: |
Část. anglický, polský a slovenský text, anglické resumé |
| LEADER | 02018nam a2200493 a 4500 | ||
|---|---|---|---|
| 001 | nkc20142631383 | ||
| 003 | CZ PrNK | ||
| 005 | 20151103152646.0 | ||
| 007 | ta | ||
| 008 | 141006s2014 xr f 001 0 cze | ||
| 015 | |a cnb002631383 | ||
| 020 | |a 978-80-7007-415-2 |q (brož.) | ||
| 035 | |a (OCoLC)897869942 | ||
| 040 | |a BOA001 |b cze |d OLA001 | ||
| 041 | 0 | |a cze |a eng |a pol |a slo |b eng | |
| 043 | |a ec----- | ||
| 045 | |a p-s- | ||
| 072 | 7 | |a 94(100)"04/..." |x Dějiny středověku a novověku (obecně) |2 Konspekt |9 8 | |
| 080 | |a 316.6:159.953 |2 MRF | ||
| 080 | |a (4-191.2) |2 MRF | ||
| 080 | |a (048.8:082) |2 MRF | ||
| 245 | 0 | 0 | |a Memoria et damnatio memoriae ve středověku / |c k vydání připravili Martin Nodl a Piotr Węcowski |
| 250 | |a Vyd. 1. | ||
| 260 | |a Praha : |b Filosofia, |c 2014 | ||
| 300 | |a 178 s. ; |c 24 cm | ||
| 490 | 1 | |a Colloquia mediaevalia Pragensia ; |v 15 | |
| 500 | |a Na obálce nad názvem: cms - Centre for Medieval Studies | ||
| 504 | |a Obsahuje bibliografické odkazy a rejstřík | ||
| 546 | |a Část. anglický, polský a slovenský text, anglické resumé | ||
| 648 | 7 | |a 12.-15. století |7 ch757066 |2 czenas | |
| 650 | 0 | 7 | |a sociální paměť |7 ph114496 |z Evropa střední |y 12.-15. století |2 czenas |
| 650 | 0 | 9 | |a social memory |z Europe, Central |y 12th-15th centuries |2 eczenas |
| 655 | 7 | |a kolektivní monografie |7 fd501537 |2 czenas | |
| 655 | 9 | |a collective monographs |2 eczenas | |
| 700 | 1 | |a Nodl, Martin, |d 1968- |7 jo20000069652 |4 edt | |
| 700 | 1 | |a Węcowski, Piotr, |d 1972- |7 osd2010555762 |4 edt | |
| 710 | 2 | |a Centrum medievistických studií Akademie věd ČR a Univerzity Karlovy v Praze |7 ko2003198432 | |
| 830 | 0 | |a Colloquia mediaevalia Pragensia |0 s | |
| 856 | 4 | 1 | |u http://www.digitalniknihovna.cz/mzk/uuid/uuid:e609c130-78b9-11e5-99af-005056827e52 |y Digitalizovaný dokument |x NDK |
| 910 | 2 | |a BOA001 |b 2-1333.224 | |
| 990 | |a BK | ||
| 995 | |a 01 | ||
| 991 | |b 201411 |c NOV |e n | ||
| 996 | 6 | |b 2610606862 |c 2-1333.224 |l MZK |r Sklad / do 1 hodiny |n 12 |p p.v. |w 001462378 |u 000010 |a 1 |e BOA001 |j MZK50 |s P | |
English
Čeština 